000 00318nam a2200133Ia 4500
008 260604s9999 xx 000 0 und d
020 _a9781836593294
082 _a158.1 CAR
100 _aBy marissa carter
_935669
245 0 _aPersonality Psychology
260 _bEd-Tech Press
500 _aPsychology
942 _cBK
999 _c8493
_d8493